Subdivisions Bordering Albania - Statistics

General Stats
  • This quiz has been taken 16 times
  • The average score is 6 of 16
Answer Stats
Country Answer % Correct
Greece Epirus and Western Macedonia
82%
North Macedonia Ohrid
73%
Montenegro Podgorica
73%
Kosovo Prizren
55%
Kosovo Gjakova
45%
Montenegro Ulcinj
45%
North Macedonia Debar
36%
North Macedonia Gostivar
36%
Montenegro Gusinje
36%
Montenegro Plav
36%
North Macedonia Struga
36%
Montenegro Tuzi
36%
North Macedonia Mavrovo i Rostuše
18%
Montenegro Zeta
18%
North Macedonia Vevčani
9%
North Macedonia Resen
0%
No matching quizzes found
Score Distribution
Percent of People with Each Score
Percentile by Number Answered
Your Score History
You have not taken this quiz